00854nam a2200229 i 4500001000400000245009000004260005700094300003400151490004400185505005100229650001600280650001600296655001700312700002800329700005400357830003700411020002100448040000800469041000800477008004100485856009800526bgj00aThe Encyclopedia of Climatology /cedited by John E. Oliver and Rhodes W. Fairbridge. aNew York :bVan Nostrand Reinhold Company,cc. 1987. aXVI, 986 pp :bill. ;c27 cm.1 aEncyclopedia of Earth Sciences ;vv. 11 aIncludes index and bibliographical references. 9aMeteorology 9aClimatology aDictionaries1 aOLIVER, John E.eeditor1 aFAIRBRIDGE, Rhodes [Whitemore]d(1914- ).eeditor aEncyclopedia of Earth Sciences ; a0879330090 (hbk) cBPK0 aeng s uk f |000 0 eng  uhttp://koha.tu.koszalin.pl/cgi-bin/koha/opac-detail.pl?biblionumber=47490yKatalog online BPK